书目信息 |
| 题名: |
20世纪笛子名曲
|
|
| 作者: | 张维良 编著 | |
| 分册: | 一 笛子与钢琴16首 | |
| 出版信息: | 北京 人民音乐出版社 2006 |
|
| 页数: | 173页 | |
| 开本: | 30cm | |
| 丛书名: | ||
| 单 册: | ||
| 中图分类: | J648.11 | |
| 科图分类: | ||
| 主题词: | 笛子--器乐曲--中国--选集 , 笛子 , 器乐曲 | |
| 电子资源: | ||
| ISBN: | 7-103-03189-4 | |
| 000 | 00883ncm0 2200253 450 | |
| 001 | 003325940 | |
| 005 | 20070805180719.42 | |
| 010 | @a7-103-03189-4@dCNY45.00 | |
| 100 | @a20060518d2006 em y0chiy0110 ea | |
| 101 | 0 | @achi |
| 102 | @aCN@b110000 | |
| 105 | @ay z 000yy | |
| 200 | 1 | @a20世纪笛子名曲@920 shi ji di zi ming qu@h一@i笛子与钢琴16首@f张维良编著 |
| 210 | @a北京@c人民音乐出版社@d2006 | |
| 215 | @a173页@d30cm@e2光盘 | |
| 307 | @a附光盘:ISRC CN-M26-06-0009-1 | |
| 330 | @a本曲集收集了20世纪以来不同风格的优秀创作作品,其曲目有《幽兰逢春》、《扬鞭催马运粮忙》、《牧民新歌》、《喜看丰收景》、《山村迎亲人》等在社会上传播广泛且影响深远的作品。 | |
| 606 | 0 | @a笛子@x器乐曲@y中国@j选集 |
| 606 | 0 | @a笛子 |
| 606 | 0 | @a器乐曲 |
| 690 | @aJ648.11@v4 | |
| 701 | 0 | @a张维良@9zhang wei liang@c(教授)@4编著 |
| 801 | 0 | @aCN@bNLC@c20070805 |
| 905 | @a10447@dJ648.11@e124:1 | |
| 20世纪笛子名曲.一.笛子与钢琴16首/张维良编著.-北京:人民音乐出版社,2006 |
| 173页;30cm+2光盘 |
| ISBN 7-103-03189-4:CNY45.00 |
| 本曲集收集了20世纪以来不同风格的优秀创作作品,其曲目有《幽兰逢春》、《扬鞭催马运粮忙》、《牧民新歌》、《喜看丰收景》、《山村迎亲人》等在社会上传播广泛且影响深远的作品。 |
| ● |
| 相关链接 |
|
|
|
|
正题名:20世纪笛子名曲
索取号:J648.11/124:1
 
预约/预借
| 序号 | 登录号 | 条形码 | 馆藏地/架位号 | 状态 | 备注 |
| 1 | 0805454 | 208054549 | 第一样本阅览室/ [索取号:J648.11/124:1] | 在馆 | |
| 2 | 0805455 | 208054558 | 第一借阅区/ [索取号:J648.11/124:1] | 在馆 | |
| 3 | 0805456 | 208054567 | 第一借阅区/ [索取号:J648.11/124:1] | 在馆 | |
| 4 | 0805457 | 208054576 | 第一借阅区/ [索取号:J648.11/124:1] | 在馆 | |
| 5 | 0805458 | 208054585 | 第一借阅区/ [索取号:J648.11/124:1] | 在馆 | |
| 6 | 0805459 | 208054594 | 第一借阅区/ [索取号:J648.11/124:1] | 在馆 | |
| 7 | 0805460 | 208054601 | 第一借阅区/ [索取号:J648.11/124:1] | 在馆 | |
| 8 | 0805461 | 208054610 | 密集书库-音乐系/ [索取号:J648.11/124:1] | 在馆 | |
| 9 | 0805462 | 208054629 | 音乐系资料室/ [索取号:J648.11/124:1] | 在馆 | |
| 10 | 0805463 | 208054638 | 音乐系资料室/ [索取号:J648.11/124:1] | 在馆 |